1523 1160 1181 1863 1780 1468 1880 1479 1553 1204 1942 1415 1384 1680 1912 1179 1165 1980 1225 1841 1249 1516 1318 1072 1712 1998 1673 1315 1932 1004 1959 1278 1524 1471 1100 1755 1620 1477 1266 1809 1827 1631 1218 1555 1942 1994 1744 1022 1530 1017 1805 1979 1043 1362 1005 1286 1978 1331 1864 1347 1446 1704 1613 1458 1220 1773 1249 1450 1208 1602 1984 1046 1806 1158 1263 1475 1846 1900 1906 1602 1834 1151 1126 1375 1413 1549 1865 1358 1973 1341 1021 1946 1994 1325 1202 1025 1301 1117 1778 BCNSPRNW ULIB Ver.6.0+V

เปลี่ยนเป็นภาษาไทย

Change to English
 แสดงรายละเอียดบรรณานุกรม
  กลับหน้าหลัก

Brief Record : Get Marc (ISO 2709) : E-mail record : QR code < ปิดหน้าต่าง
LEADER : 00000nam 2200000uu 4500
001    13399115216
003     ULIB
008    120731s2552||||th 000 0 tha d
020    ^a9789743197468
090    ^aนว.^bฉ330ช 2552
100 0  ^aซินฉ่ง
245 00 ^aชิงใจครอบครองรัก /^cฉี่เยี่ยน
250    ^aพิมพ์ครั้งที่ 1
260    ^aกรุงเทพฯ :^bแจ่มใส,^c2552
300    ^a202 หน้า
700 0  ^aจันทร์กลางน้ำ ;^eแปล
710 1  ^aแจ่มใส
945    ^p129^l0^i16429
995    ^aกัณชพร
999    ^aใช้งานได้ทุกระบบ
รายการนี้ยังไม่มีแท็ก
คุณยังไม่ได้ล็อกอิน คุณสามารถมีกิจกรรมร่วมกับเว็บไซต์ได้ แต่ต้องล็อกอินก่อน ::
  ล็อกอิน

รายการสื่อสารสนเทศ

ลำดับที่ ประเภท เลขเรียก/บาร์โค้ด สถานที่ สถานะ
1. วิทยาศาสตร์การแพทย์ และสุขภาพ
วิทยาศาสตร์การแพทย์ และสุขภาพ
นว. ฉ330ช 2552  
  Barcode: 16429
ห้องสมุดวิทยาเขตสวรรค์ประชารักษ์
►นวนิยาย
บนชั้น
  ขอยืม

รายการใกล้เคียง
    ผู้แต่ง [ซินฉ่ง]

BibComment


ยังไม่เคยถูกคอมเมนท์

คอมเมนท์ทรัพยากรรายการนี้
  คอมเมนท์: ชิงใจครอบครองรัก..


 Copyright 2026. Bcnsprnw @Library